|
|
|
|
| LEADER |
00000nam a2200000 a 4500 |
| 001 |
vtls001068237 |
| 003 |
SK-MaSNL |
| 005 |
20260301110858.0 |
| 008 |
250414s1992 xo 0 slo |
| 015 |
|
|
|a SNBA1992/07
|
| 020 |
|
|
|a 8071450294
|
| 035 |
|
|
|a SNK000011067
|
| 035 |
|
|
|a urn:nbn:sk:snk-amljxb
|
| 035 |
|
|
|a urn:nbn:sk:snk-am00bnk4
|
| 035 |
|
|
|a ED50E476-88CB-447D-8744-BEE6E052AF9E
|
| 040 |
|
|
|a SNK
|b slo
|c SNK
|e AACR2
|
| 041 |
0 |
|
|a slo
|
| 044 |
|
|
|a xo
|c SK
|
| 080 |
|
|
|a 03(087.5)
|2 1981
|
| 080 |
|
|
|a 62(031)(087.5)
|2 1981
|
| 245 |
0 |
0 |
|a Svet vedy a techniky 1
|b Detská ilustrovaná encyklopédia ; Jana Haplová, Ľudovít Kuniak, Alexander Trančík, Ivan Trančík
|
| 250 |
|
|
|a 1. vyd.
|
| 260 |
|
|
|a Bratislava
|b Slovart
|c 1992
|e Martin
|f Neografia
|
| 300 |
|
|
|a 168 s.
|b Tb. Fot. Mp. Sch.
|c 28 cm
|
| 500 |
|
|
|a Ilustr. na tit. liste a front. Sadzba: Fatrin, spol. s r.o., Martin. Reg. Zozn.
|
| 700 |
1 |
|
|a Haplová, Jana
|4 trl
|9 375716
|
| 700 |
1 |
|
|a Kuniak, Ľudovít
|4 trl
|9 224591
|
| 700 |
1 |
|
|a Trančík, Alexander
|4 trl
|9 47421
|
| 700 |
1 |
|
|a Trančík, Ivan
|4 trl
|9 375717
|
| 852 |
|
|
|a Slovenská národná knižnica
|
| 919 |
|
|
|a 80-7145-029-4
|
| 954 |
|
|
|a veda
|a technika
|a encyklopédie detské
|
| 958 |
|
|
|a DB
|
| 958 |
|
|
|a TL
|
| 958 |
|
|
|a OP
|
| 999 |
|
|
|c 704613
|d 706543
|
| 952 |
|
|
|a SNK
|b SNK
|y VYP
|7 0
|p 17A0064049
|o snkSB 49607/1 D2
|i snkK 339/2004
|0 0
|1 0
|4 0
|d 1997-04-25
|l 0
|r 2004-12-31 00:00:00
|w 2026-02-23
|
| 952 |
|
|
|t P60, <04>, [BOOK], {604}
|a SNK
|b SNK
|y PREZ
|7 0
|p 17A0429466
|o snkSB 49607/1
|i snkKSP 4974/92
|0 0
|1 0
|4 0
|d 2004-05-19
|f 1
|l 0
|r 2025-02-28 00:00:00
|w 2026-02-23
|
| 952 |
|
|
|a SNK
|b SNK
|y VYP
|7 0
|p 17A0526309
|o snkSB 49607/1 D1
|i snkKSP 4975/92
|0 0
|1 0
|4 0
|d 2006-12-11
|l 0
|r 2026-02-23 21:11:46
|w 2026-02-23
|